000 00848cab a2200241 4500
001 ABS57474
008 090401t1997 xxu||||| |||| 00| 0 eng d
035 _a(Sirsi) u80202
041 _aeng
100 _aHart, C.
245 _aValuing the potential of PFI
260 _c1997
350 _a0
490 _aValuer (ISVA)
_v66(4) July/August 1997, 8-9(2)
520 _aLooks at the needs of local authorities which are property based, such as waste disposal and schools and income generating such as car-parks and leisure centres. Considers how they provide potential for successful PFI schemes.
650 _aLOCAL AUTHORITIES
650 _aPFI
650 _aPRIVATE FINANCE INITIATIVE
650 _aPUBLIC SECTOR PARTICIPATION COMPANIES
690 _aPROPERTY-PROPERTY FINANCE AND INVESTMENT
942 _n0
948 _c11/08/1997
999 _c50477
_d50477